US National Parks by Time Zone - Central - Statistics

General Stats
  • This quiz has been taken 17 times
    7 since last reset
  • The average score is 6 of 7
Answer Stats
Answer % Correct
Big Bend
100%
Theodore Roosevelt (north unit)
100%
Voyageurs
100%
Gateway Arch
83%
Hot Springs
83%
Mammoth Cave
50%
Indiana Dunes
33%
No matching quizzes found
Score Distribution
Percent of People with Each Score
Percentile by Number Answered
Your Score History
You have not taken this quiz since the last reset